000 00627nam a2200229Ia 4500
003 OSt
005 20220923230529.0
006 a|||||r|||| 00| 0
007 ta
008 Pun
024 _a282,951
037 _cTextual
040 _aARTS
_cARTS
_bPun
041 _2Pun
_aPun
082 _aO153,3NPA1,PD, L0
100 _aਪਾਲ, ਗੁਰਿੰਦਰ ਸਿੰਘ
245 0 _aਪਾਪ ਦੇ ਮੋਹਲੇ
260 _c1970
650 _aਪੰਜਾਬੀ ਸਾਹਿਤ
942 _hO153,3NPA1,PD, L0
_cTEXL
_2CC
999 _c385495
_d385495